Top 10 Countries with the Most Ducks - Statistics

General Stats
  • This quiz has been taken 729 times
  • The average score is 5 of 10
Answer Stats
# Ducks Country % Correct
665.1 mil China
94%
21.9 mil India
76%
27.7 mil Russia
73%
68.5 mil Vietnam
58%
26.2 mil France
56%
52.8 mil Indonesia
56%
51.5 mil Malaysia
45%
48.9 mil Bangladesh
40%
20.1 mil Myanmar
29%
18.5 mil Egypt
19%
No matching quizzes found
Score Distribution
Percent of People with Each Score
Percentile by Number Answered
Your Score History
You have not taken this quiz